Parasitic diseases of wild birds

"Parasitic Diseases of Wild Birds provides thorough coverage of major parasite groups affecting wild bird species. Broken into four sections covering protozoa, helminths, leeches, and arthropod parasites, this volume provides reviews of the history, disease, epizootiology, pathology, and popula...

Descrición completa

Gardado en:
Detalles Bibliográficos
Formato: Libro
Idioma:Undetermined
Publicado: Ames, Iowa Wiley-Blackwell 2008
Những chủ đề:
Các nhãn: Engadir etiqueta
Sen Etiquetas, Sexa o primeiro en etiquetar este rexistro!
Thư viện lưu trữ: Trung tâm Học liệu Trường Đại học Cần Thơ
LEADER 01114nam a2200205Ia 4500
001 CTU_175217
008 210402s9999 xx 000 0 und d
020 |c 2566410 
082 |a 636.5089696 
082 |b P221 
245 0 |a Parasitic diseases of wild birds 
245 0 |c Edited by Carter T. Atkinson, Nancy J. Thomas, D. Bruce Hunter 
260 |a Ames, Iowa 
260 |b Wiley-Blackwell 
260 |c 2008 
520 |a "Parasitic Diseases of Wild Birds provides thorough coverage of major parasite groups affecting wild bird species. Broken into four sections covering protozoa, helminths, leeches, and arthropod parasites, this volume provides reviews of the history, disease, epizootiology, pathology, and population impacts caused by parasitic disease. Taking a unique approach that focuses on the effects of the parasites on the host, Parasitic Diseases of Wild Birds fills a unique niche in animal health literature 
650 |a Birds,Birds,Con chim,Con chim 
650 |x Parasites,Diseases,Ký sinh trùng,Bệnh 
904 |i Hải 
980 |a Trung tâm Học liệu Trường Đại học Cần Thơ